Statistiche per Paesi più Grandi della Rep. Dem. del Congo

Clicka qui per fare il quiz!

Statistiche generali

  • Questo quiz è stato fatto 28 volte
  • Il punteggio medio è 10 su 10

Statistiche sulle risposte

SuperficiePaese% Corretto
2,780,400Argentina
100%
8,514,877Brasile
100%
9,984,670Canada
100%
3,287,263India
100%
17,098,242Russia
100%
9,826,675Stati Uniti
100%
7,741,220Australia
94%
9,596,961Cina
94%
2,724,900Kazakistan
94%
2,381,741Algeria
76%

Distribuzione punteggi

Percentile per numero di risposta

Percentuale di utenti per punteggio

I tuoi punteggi nel tempo

Non hai fatto questo quiz